000 00654nam a2200145 a 4500
008 120416s1971 ||||||||||||||||| || u
050 _aT 11 Zam
245 1 0 _aTechnical English for Zambian students
246 _aThe Department of Technical Education and Vocational Training
260 _aLusaka
_bD.T.E.V.T
_c1971
300 _avii, 117p. : ill
350 _a0.00
995 _aBINDERY (DAMAGED)
_D0.00
_e716653
_FCBU-MAIN LIBRARY (Kitwe)
_H1
_I15.00
_jT 11 Zam
_M1
_UDAMAGED
_y014359
_ZMain Library Open Access Collection
995 _aSPECIAL COLLECTIONS
_D0.00
_e716654
_FCBU-MAIN LIBRARY (Kitwe)
_H2
_I15.00
_jZAM T 11 Zam
_M2
_UAVAILABLE
_y024348
_ZZambiana Collection
999 _c80964
_d80964